00286nam a2200121Ia 4500008004100000020001500041041001200056100001500068245003800083260002800121300000800149650000700157221030s9999 xx 000 0 und d a8188458066 aEnglish aK. M. Soni 0aCircuits & Systemscby K. M. Soni bKatsonaNew Delhic2014 a762 aEE